Представление документа в формате MARC21

Поле Инд. ПП Название Значение
Тип записи a
Библиографический уровень m
001 Контрольный номер 1f719a7ac15942bfbc175a15c6d195a4
005 Дата корректировки 20260424142410.0
040 a Служба первич. каталог. НБ ТвГУ
b Код языка каталог. rus
e Правила каталог. PSBO
041 0_ a Код языка текста rus
090 a Полочн. индекс 55
x Авторский знак О-24
097 b Оператор Alekseeva.EV
100 1_ a Автор Обручев Владимир Афанасьевич
e Роль лиц Автор
245 00 a Заглавие Основы геологии
c Ответственность Обручев В.А.
260 a Место издания Москва
a Место издания Ленинград
b Издательство Госгеолиздат
c Дата издания 1947
300 a Объем 328 с., 1 л. портр. : ил., карт., портр.
653 0_ a Ключевые слова Геология
901 t Тип документа m
920 a Оператор Алекс
a Оператор Петр